[Event "SRB Central-ch op-B 9th"]
[Site "Paracin"]
[Date "2016.07.07"]
[Round "1"]
[White "Jakovljevic, Zdravko"]
[Black "Olcum, Ahmet"]
[Result "0-1"]
[WhiteElo "1730"]
[BlackElo "2083"]
[PlyCount "71"]
[EventDate "2016.07.07"]
[EventType "swiss"]
[EventRounds "9"]
[EventCountry "SRB"]
[SourceTitle "CBM 173 Extra"]
[Source "ChessBase"]
[SourceDate "2016.08.29"]
[SourceVersion "1"]
[SourceVersionDate "2016.08.29"]
[SourceQuality "1"]

1. e4 g6 2. h4 h5 3. d4 d6 4. Nc3 Bg7 5. Bc4 Nc6 6. Be3 Nf6 7. Nf3 Nxe4 8. Bxf7+ Kxf7 9. Nxe4 Re8 10. c3 d5 11. Ng3 Kg8 12. Qc2 Qd6 13. 0-0 Bg4 14. Nh2 e5 15. dxe5 Nxe5 16. Bf4 Bd7 17. Rad1 c6 18. Ne4 Nf3+ 19. Nxf3 Qxf4 20. Ng3 Qf6 21. Rde1 b5 22. Qd2 a5 23. Qg5 b4 24. Nd4 bxc3 25. bxc3 Qxg5 26. hxg5 a4 27. Nge2 c5 28. Nc2 Bb5 29. Ne3 d4 30. c4 Ba6 31. Nd5 Bxc4 32. Nc7 Bxe2 33. Nxa8 d3 34. Nc7 Re4 35. f3 Bd4+ 36. Kh1 0-1

[Event "Vojvodina-ch 4th"]
[Site "Novi Sad"]
[Date "2013.06.28"]
[Round "2"]
[White "Jakovljevic, Zdravko"]
[Black "Bodiroga, Predrag"]
[Result "0-1"]
[WhiteElo "1619"]
[BlackElo "2369"]
[PlyCount "82"]
[EventDate "2013.06.28"]
[EventType "swiss"]
[EventRounds "9"]
[EventCountry "SRB"]
[SourceTitle "CBM 155 Extra"]
[Source "ChessBase"]
[SourceDate "2013.08.26"]
[SourceVersion "1"]
[SourceVersionDate "2013.08.26"]
[SourceQuality "1"]

1. e4 c6 2. d4 d5 3. Nc3 dxe4 4. Nxe4 Bf5 5. Ng3 Bg6 6. h4 h6 7. Nf3 e6 8. Bd3 Bxd3 9. Qxd3 Nf6 10. Bd2 c5 11. Qb5+ Qd7 12. Qxd7+ Nbxd7 13. 0-0-0 Bd6 14. Ne2 Ne4 15. Be3 c4 16. Nd2 Nxd2 17. Bxd2 Nf6 18. Bf4 Be7 19. f3 0-0-0 20. g4 h5 21. Bg5 Rd7 22. Bxf6 Bxf6 23. g5 Be7 24. Rhf1 b5 25. f4 Bd6 26. f5 e5 27. dxe5 Bxe5 28. Rxd7 Kxd7 29. Rd1+ Kc6 30. Nd4+ Bxd4 31. Rxd4 Re8 32. Kd2 Re5 33. Rf4 Kd5 34. Kc3 a5 35. b4 cxb3 36. axb3 Re3+ 37. Kd2 Re4 38. Rxe4 Kxe4 39. f6 gxf6 40. gxf6 Ke5 41. Kd3 Kxf6 0-1